[Event "Shepsi"]
[Site "Shepsi"]
[Date "2011.08.??"]
[Round "8"]
[White "Dubov, Alexandr"]
[Black "Gabdrakipov, Ilshat"]
[Result "0-1"]
[WhiteElo "2156"]
[BlackElo "2185"]
[PlyCount "94"]
[EventDate "2011.08.??"]
[EventType "tourn"]
[EventRounds "9"]
[EventCountry "RUS"]
[SourceTitle "EXT 2012"]
[Source "ChessBase"]
[SourceDate "2011.11.24"]
[SourceVersion "1"]
[SourceVersionDate "2011.11.24"]
[SourceQuality "1"]

1. Na3 g6 2. c4 Bg7 3. Nc2 c5 4. d3 Qb6 5. Rb1 Qa5+ 6. Bd2 Qxa2 7. b4 d6 8. g3 Bd7 9. bxc5 dxc5 10. Bg2 Ba4 11. Rxb7 Bxc2 12. Qc1 Na6 13. Bc6+ Kf8 14. Nf3 Ba4 15. Bd5 Rb8 16. Rxa7 Rb1 17. Ra8+ Be8 18. 0-0 Rxc1 19. Rxc1 Bb2 20. Re1 Kg7 21. Rxe8 Nc7 22. Rb8 Nxd5 23. cxd5 h6 24. e4 Nf6 25. Rb7 c4 26. dxc4 Rc8 27. e5 Nxd5 28. cxd5 Qxd5 29. Rxb2 Qxf3 30. e6 fxe6 31. Rxe6 Kf7 32. Re3 Qd5 33. Bc3 Rc4 34. Be1 Rc1 35. Rbe2 e6 36. f3 Rc6 37. Kg2 g5 38. Re4 Qd3 39. Bf2 h5 40. h3 Qd5 41. Rd4 Qb5 42. Rd7+ Kg6 43. Red2 g4 44. hxg4 hxg4 45. fxg4 Rc1 46. R7d3 Qc6+ 47. Rf3 Rc3 0-1

[Event "Shepsi Rating"]
[Site "Shepsi"]
[Date "2010.08.17"]
[Round "3"]
[White "Bilan, Danila"]
[Black "Dubov, Alexandr"]
[Result "0-1"]
[WhiteElo "1732"]
[BlackElo "2131"]
[PlyCount "82"]
[EventDate "2010.08.16"]
[EventType "tourn"]
[EventRounds "14"]
[EventCountry "RUS"]
[SourceTitle "EXT 2022"]
[Source "ChessBase"]
[SourceDate "2021.10.06"]
[SourceVersion "1"]
[SourceVersionDate "2021.10.06"]
[SourceQuality "1"]

1. d4 Nf6 2. Nf3 g6 3. g3 Bg7 4. c4 0-0 5. Bg2 d6 6. 0-0 Nc6 7. d5 Na5 8. Qa4 c5 9. Bd2 b6 10. Bxa5 bxa5 11. Nc3 Rb8 12. Qc2 Bd7 13. Rab1 a4 14. b3 Rb4 15. Qd3 a3 16. Qc2 a5 17. Rfe1 a4 18. Qd3 Qa5 19. Nd2 Rfb8 20. e4 Ng4 21. h3 Ne5 22. Qc2 axb3 23. axb3 g5 24. Na2 R4b6 25. Rf1 Bh6 26. g4 Ng6 27. Bf3 Nf4 28. Kh2 Bg7 29. Bd1 h5 30. Rg1 Be5 31. Nf3 hxg4 32. Nxe5 dxe5 33. Bxg4 Bxg4 34. Rxg4 f6 35. Rg3 Kf7 36. Qd1 Rh8 37. f3 Qa6 38. Qe1 Rhb8 39. Qd1 Qxc4 40. bxc4 Rxb1 41. Nc1 a2 0-1

[Event "Obninsk op"]
[Site "Obninsk"]
[Date "2009.07.??"]
[Round "7"]
[White "Dubov, Alexandr"]
[Black "Babikov, Ivan"]
[Result "0-1"]
[WhiteElo "2064"]
[BlackElo "2333"]
[PlyCount "60"]
[EventDate "2009.07.??"]
[EventType "swiss"]
[EventRounds "9"]
[EventCountry "RUS"]
[SourceTitle "CBM 131 Extra"]
[Source "ChessBase"]
[SourceDate "2009.09.03"]
[SourceVersion "2"]
[SourceVersionDate "2009.09.16"]
[SourceQuality "1"]

1. d4 d5 2. Nf3 Nf6 3. c4 e6 4. g3 Be7 5. Bg2 0-0 6. 0-0 dxc4 7. Ne5 Nc6 8. Bxc6 bxc6 9. Nxc6 Qe8 10. Nxe7+ Qxe7 11. b3 cxb3 12. axb3 Rd8 13. Ra5 Qb4 14. Ra4 Qb6 15. Bb2 Bb7 16. Nd2 c5 17. Nc4 Qc7 18. Na5 e5 19. Qc2 exd4 20. Nxb7 Qxb7 21. Qxc5 Qxb3 22. Rb4 Ne4 23. Qa5 Qd5 24. Ra1 Qxa5 25. Rxa5 Nc3 26. Kf1 f6 27. e3 Rab8 28. Ba3 d3 29. Rxb8 Rxb8 30. Ke1 Ne4 0-1

[Event "Kostroma Volga Cup op"]
[Site "Kostroma"]
[Date "2009.07.??"]
[Round "2"]
[White "Dubov, Alexandr"]
[Black "Surov, Sergey"]
[Result "1-0"]
[WhiteElo "2064"]
[BlackElo "2323"]
[PlyCount "101"]
[EventDate "2009.07.03"]
[EventType "swiss"]
[EventRounds "9"]
[EventCountry "RUS"]
[SourceTitle "EXT 2021"]
[Source "ChessBase"]
[SourceDate "2020.10.23"]
[SourceVersion "1"]
[SourceVersionDate "2020.10.23"]
[SourceQuality "1"]

1. d4 d5 2. Nf3 e6 3. c4 f5 4. Nc3 Nf6 5. g3 c6 6. Bg2 Bd6 7. Bf4 Bxf4 8. gxf4 0-0 9. 0-0 Nbd7 10. cxd5 exd5 11. b4 a6 12. a4 Ne4 13. Qb3 Ndf6 14. Rfc1 Bd7 15. Ne5 Be8 16. f3 Nxc3 17. Qxc3 Nh5 18. e3 Kh8 19. Rc2 g5 20. fxg5 Qxg5 21. f4 Qg7 22. Qd3 Qe7 23. Rb1 Bd7 24. Qe2 Nf6 25. Kh1 Be8 26. Bf3 Ne4 27. Qe1 Qf6 28. Rg2 Qh6 29. Bxe4 fxe4 30. Rg5 Qh3 31. Qg3 Qxg3 32. hxg3 Rg8 33. Rxg8+ Kxg8 34. g4 Kg7 35. Kg2 Bf7 36. Rh1 Rh8 37. g5 Bg6 38. a5 Re8 39. Rf1 Rf8 40. Nd7 Rf7 41. Ne5 Rf8 42. Kg3 h6 43. Kh4 hxg5+ 44. Kxg5 Rf5+ 45. Kg4 Rf8 46. f5 Bf7 47. f6+ Kg8 48. Kg5 Be8 49. Rh1 Bf7 50. Ng6 Bxg6 51. Kxg6 1-0

[Event "Kostroma Volga Cup op"]
[Site "Kostroma"]
[Date "2009.07.??"]
[Round "7"]
[White "Morozov, Egor"]
[Black "Dubov, Alexandr"]
[Result "0-1"]
[WhiteElo "1932"]
[BlackElo "2064"]
[PlyCount "63"]
[EventDate "2009.07.03"]
[EventType "swiss"]
[EventRounds "9"]
[EventCountry "RUS"]
[SourceTitle "EXT 2021"]
[Source "ChessBase"]
[SourceDate "2020.10.23"]
[SourceVersion "1"]
[SourceVersionDate "2020.10.23"]
[SourceQuality "1"]

1. d4 d5 2. g3 c5 3. dxc5 e6 4. Bg2 Bxc5 5. c4 Ne7 6. Nf3 Nbc6 7. 0-0 0-0 8. Nc3 a6 9. cxd5 exd5 10. Bf4 Be6 11. Rc1 Ba7 12. Ng5 Rc8 13. Nxe6 fxe6 14. Bh3 Qd7 15. e4 d4 16. Qb3 Rf6 17. Nd5 Rg6 18. Nxe7+ Nxe7 19. Rxc8+ Qxc8 20. Rc1 Nc6 21. Bf5 Rf6 22. Bg5 Kh8 23. Bxf6 exf5 24. Bg5 fxe4 25. Qf7 h6 26. Bf4 e3 27. Be5 exf2+ 28. Kh1 Qg4 29. Qd5 Qe2 30. Bxg7+ Kxg7 31. Qd7+ Qe7 32. Qh3 0-1

[Event "Moscow op-B"]
[Site "Moscow"]
[Date "2009.02.01"]
[Round "2"]
[White "Popelyshev, Igor Viktorovich"]
[Black "Dubov, Alexandr"]
[Result "1/2-1/2"]
[WhiteElo "2159"]
[BlackElo "1903"]
[PlyCount "70"]
[EventDate "2009.01.31"]
[EventType "swiss"]
[EventRounds "9"]
[EventCountry "RUS"]
[SourceTitle "EXT 2012"]
[Source "ChessBase"]
[SourceDate "2011.11.24"]
[SourceVersion "1"]
[SourceVersionDate "2011.11.24"]
[SourceQuality "1"]

1. e4 c5 2. Na3 d6 3. Bb5+ Bd7 4. Bxd7+ Nxd7 5. f4 Ngf6 6. d3 g6 7. Nf3 Bg7 8. 0-0 0-0 9. Qe1 Rb8 10. Nc4 b5 11. Ne3 b4 12. Qh4 Nb6 13. f5 Qc8 14. g4 c4 15. g5 Ne8 16. d4 c3 17. b3 Qd7 18. a4 d5 19. fxg6 fxg6 20. e5 a5 21. Ng2 Nc7 22. Be3 Rf7 23. Rf2 Rbf8 24. Raf1 Ne6 25. Nfe1 Rxf2 26. Rxf2 Na8 27. Nd3 Nac7 28. Ngf4 Nxf4 29. Rxf4 Rxf4 30. Qxf4 Ne6 31. Qg4 Qc6 32. Nf4 Nxf4 33. Bxf4 Kf7 34. Kg2 Qe6 35. Qxe6+ Kxe6 1/2-1/2